La inteligencia escolar : (Registro nro. 45626)
[ vista simple ]
| 000 -LEADER | |
|---|---|
| campo de control de longitud fija | 01488nam a2200373 i 4500 |
| 003 - IDENTIFICADOR DE NÚMERO DE CONTROL | |
| campo de control | peliumch |
| 005 - FECHA Y HORA DE LA ÚLTIMA TRANSACCIÓN | |
| campo de control | 20260209144722.0 |
| 008 - DATOS DE LONGITUD FIJA--INFORMACIÓN GENERAL | |
| campo de control de longitud fija | 230320t2006||||xx ||||gr|||||||| ||spa|| |
| 020 ## - NÚMERO INTERNACIONAL ESTÁNDAR DEL LIBRO | |
| Número Internacional Estándar del Libro | 9789562404976 |
| 040 ## - FUENTE DE CATALOGACIÓN | |
| Centro catalogador/agencia de origen | UMCH |
| Lengua de catalogación | spa |
| Centro/agencia transcriptor | UMCH |
| Centro/agencia modificador | jmr |
| Normas de descripción | rda |
| 041 0# - CÓDIGO DE IDIOMA | |
| Código de lengua del texto/banda sonora o título independiente | spa |
| 043 ## - CÓDIGO DE ÁREA GEOGRÁFICA | |
| Código de área geográfica | s-pe--- |
| 082 04 - NÚMERO DE LA CLASIFICACIÓN DECIMAL DEWEY | |
| Número de clasificación | 370/A77/5 |
| 100 1# - ENTRADA PRINCIPAL--NOMBRE DE PERSONA | |
| Nombre de persona | Díez López, Eloísa. |
| Término indicativo de función/relación | autor. |
| 245 ## - MENCIÓN DEL TÍTULO | |
| Título | La inteligencia escolar : |
| Resto del título | una nueva teoría para una nueva sociedad |
| 250 ## - MENCION DE EDICION | |
| Mención de edición | Primera edición. |
| 264 #1 - PRODUCCIÓN, PUBLICACIÓN, DISTRIBUCIÓN, FABRICACIÓN Y COPYRIGHT | |
| Producción, publicación, distribución, fabricación y copyright | Santiago de Chile ; |
| Nombre del de productor, editor, distribuidor, fabricante | Arrayan Editores. |
| Fecha de producción, publicación, distribución, fabricación o copyright | 2006 |
| 264 #4 - PRODUCCIÓN, PUBLICACIÓN, DISTRIBUCIÓN, FABRICACIÓN Y COPYRIGHT | |
| Fecha de producción, publicación, distribución, fabricación o copyright | ©2006 |
| 300 ## - DESCRIPCIÓN FÍSICA | |
| Extensión | 267 páginas ; |
| Dimensiones | 22 cm. |
| 504 ## - NOTA DE BIBLIOGRAFÍA, ETC. | |
| Nota de bibliografía, etc. | Bibliografía : páginas 263 - 267 |
| 505 0# - NOTA DE CONTENIDO CON FORMATO | |
| Información miscelánea | Capítulo Primero : |
| Título | La inteligencia como conjunto de aptitudes: teorías factorialistas -- |
| Información miscelánea | Capítulo Segundo : |
| Título | La inteligencia como estructura y como proceso : Teorías cognitivas -- |
| Información miscelánea | Capítulo Tercero : |
| Título | Teorías socioculturales de la inteligencia -- |
| Información miscelánea | Capítulo Cuarto : |
| Título | Teoría tridimensional de la inteligencia escolar : Implicaciones para el aprendizaje en el aula. |
| 521 ## - NOTA DE PÚBLICO DESTINATARIO | |
| Nota de público destinatario | Recpmendado para un público en general. |
| 650 14 - PUNTO DE ACCESO ADICIONAL DE MATERIA--TÉRMINO DE MATERIA | |
| Término de materia o nombre geográfico como elemento de entrada | Inteligencia |
| 650 24 - PUNTO DE ACCESO ADICIONAL DE MATERIA--TÉRMINO DE MATERIA | |
| Término de materia o nombre geográfico como elemento de entrada | Aspectos sociales |
| 650 24 - PUNTO DE ACCESO ADICIONAL DE MATERIA--TÉRMINO DE MATERIA | |
| Término de materia o nombre geográfico como elemento de entrada | Aprendizaje |
| 650 24 - PUNTO DE ACCESO ADICIONAL DE MATERIA--TÉRMINO DE MATERIA | |
| Término de materia o nombre geográfico como elemento de entrada | Procesos cognitivos |
| 650 24 - PUNTO DE ACCESO ADICIONAL DE MATERIA--TÉRMINO DE MATERIA | |
| Término de materia o nombre geográfico como elemento de entrada | Psicología del aprendizaje |
| 700 1# - ENTRADA AGREGADA--NOMBRE PERSONAL | |
| Nombre de persona | Román Pérez, Martiniano. |
| Término indicativo de función/relación | autor. |
| 942 ## - ELEMENTOS DE ENTRADA SECUNDARIOS (KOHA) | |
| Tipo de ítem Koha | Libros |
| Fuente del sistema de clasificación o colocación | Clasificación Decimal Dewey |
| Suprimir en OPAC | No |
| Estatus retirado | Estado de pérdida | Fuente del sistema de clasificación o colocación | Estado de daño | No para préstamo | Biblioteca de origen | Biblioteca actual | Fecha de adquisición | Fuente de adquisición | Información codificada de la localización en otra ubicación | Total checkouts | Signatura topográfica completa | Código de barras | Visto por última vez | Copia número | Precio de reemplazo | Tipo de ítem Koha |
|---|---|---|---|---|---|---|---|---|---|---|---|---|---|---|---|---|
| Clasificación Decimal Dewey | Biblioteca Central | Biblioteca Central | 20/03/2023 | UMCH | UMCH | 370/A77/5 | 025481 | 20/03/2023 | 1 | 20/03/2023 | Libros | |||||
| Clasificación Decimal Dewey | Biblioteca Central | Biblioteca Central | 20/03/2023 | UMCH | UMCH | 370/A77/5 | 016694 | 04/02/2026 | 2 | 20/03/2023 | Libros | |||||
| Clasificación Decimal Dewey | Biblioteca Central | Biblioteca Central | 04/02/2026 | Donación | UMCH | 370/A77/5 | 035747 | 04/02/2026 | 3 | 04/02/2026 | Libros |

